Computer and computation : (Record no. 65892)
[ view plain ]
| 000 -LEADER | |
|---|---|
| fixed length control field | 00649nam a22001817a 4500 |
| 005 - DATE AND TIME OF LATEST TRANSACTION | |
| control field | 20120501130911.0 |
| 020 ## - INTERNATIONAL STANDARD BOOK NUMBER | |
| International Standard Book Number | 8120311868 |
| Terms of availability | 79.00 |
| 035 ## - SYSTEM CONTROL NUMBER | |
| System control number | A-933618 |
| 037 ## - SOURCE OF ACQUISITION | |
| Stock number | DPL |
| Source of stock number/acquisition | ENG |
| 100 ## - MAIN ENTRY--PERSONAL NAME | |
| Personal name | Dastidar, D. Ghosh |
| 245 ## - TITLE STATEMENT | |
| Title | Computer and computation : |
| Remainder of title | A beginner's guide / |
| Statement of responsibility, etc | by D. Ghosh Dastidar, S. Chattopadhyay and U.K. Sarkar |
| 260 ## - PUBLICATION, DISTRIBUTION, ETC. (IMPRINT) | |
| Place of publication, distribution, etc | New Delhi |
| Name of publisher, distributor, etc | Prentice-Hall of India |
| Date of publication, distribution, etc | 1997 |
| 300 ## - PHYSICAL DESCRIPTION | |
| Extent | ix, 214p. |
| Dimensions | 20 cms. |
| 700 ## - ADDED ENTRY--PERSONAL NAME | |
| Personal name | Chattopadhyay, S. |
| 9 (RLIN) | 46118 |
| 700 ## - ADDED ENTRY--PERSONAL NAME | |
| Personal name | Sarkar, U.K. |
| 9 (RLIN) | 46119 |
| 942 ## - ADDED ENTRY ELEMENTS (KOHA) | |
| Source of classification or shelving scheme | Dewey Decimal Classification |
| Item type | English Books |
| Classification part | 004 |
| Call number suffix | GHO |
| Withdrawn status | Lost status | Not for loan | Collection code | Home library | Current library | Date acquired | Cost, normal purchase price | Full call number | Barcode | Cost, replacement price | Koha item type |
|---|---|---|---|---|---|---|---|---|---|---|---|
| Non-fiction | Sarojini Nagar | Sarojini Nagar | 01/05/2012 | 79.00 | 004 GHO | A-933618 | 79.00 | English Books |
